Odd One Out - Statistics

General Stats
  • This quiz has been taken 44 times
  • The average score is 6 of 15
Answer Stats
Category List Answer % Correct
Canary Islands Fuerteventura, Ibiza, Lanzarote, La Palma, Tenerife Ibiza
67%
Cities in California San Antonio, San Diego, San Francisco, San Jose, Santa Monica San Antonio
61%
Beatles number one singles A Hard Day’s Night, Can’t Buy Me Love, She Loves You, Ticket to Ride, Yesterday Yesterday
61%
African capitals Harare, Kinshasa, Lagos, Nairobi, Ouagadougou Lagos
56%
Best Film Oscar winners Braveheart, The English Patient, Forrest Gump, Good Will Hunting, Titanic Good Will Hunting
50%
Cheeses Double Gloucester, Limburger, Norwegian Blue, Red Leicester, Sage Derby Norwegian Blue
44%
Roman Gods Apollo, Jupiter, Neptune, Orion, Saturn Orion
44%
London Underground stations Arsenal, Chelsea, Fulham Broadway, Tottenham Hale, West Ham Chelsea
39%
FA Cup winners from 2000 onwards Arsenal, Chelsea, Portsmouth, Tottenham Hotspur, Wigan Athletic Tottenham Hotspur
39%
Wives of Henry VIII Anne Boleyn, Catherine Howard, Catherine of Aragon, Catherine Parr, Margaret Tudor. Margaret Tudor
33%
Seven Wonders of the Ancient World Acropolis of Athens, Colossus of Rhodes, Great Pyramid of Giza, Hanging Gardens of Babylon, Lighthouse of Alexandria Acropolis of Athens
28%
US presidents John Adams, Benjamin Franklin, Thomas Jefferson, James Madison, George Washington. Benjamin Franklin
22%
World Cup golden boot winners Cristiano Ronaldo, Gary Lineker, Harry Kane, Miroslav Klose, Ronaldo Cristiano Ronaldo
22%
UK Taskmaster winners Bob Mortimer, Josh Widdicombe, Katherine Ryan, Noel Fielding, Richard Osman Richard Osman
22%
Test Cricket teams Bangladesh, Ireland, Kenya, Sri Lanka, Zimbabwe Kenya
17%
No matching quizzes found
Score Distribution
Percent of People with Each Score
Percentile by Number Answered
Your Score History
You have not taken this quiz